Source coding theory / (Record no. 190907)

000 -LEADER
fixed length control field 00956 a2200241 4500
003 - CONTROL NUMBER IDENTIFIER
control field Nust
005 - DATE AND TIME OF LATEST TRANSACTION
control field 20220720102758.0
020 ## - INTERNATIONAL STANDARD BOOK NUMBER
International Standard Book Number 0-7923-9048-2
040 ## - CATALOGING SOURCE
Transcribing agency Nust
082 ## - DEWEY DECIMAL CLASSIFICATION NUMBER
Classification number 003.54,GRA
100 1# - MAIN ENTRY--PERSONAL NAME
Personal name Gray, Robert M.
9 (RLIN) 93997
245 00 - TITLE STATEMENT
Title Source coding theory /
Statement of responsibility, etc. by Robert M. Gray
260 ## - PUBLICATION, DISTRIBUTION, ETC.
Place of publication, distribution, etc. Boston :
Name of publisher, distributor, etc. Kluwer Academic,
Date of publication, distribution, etc. cop. 1990
300 ## - PHYSICAL DESCRIPTION
Extent xii, 188 s.
440 #0 - SERIES STATEMENT/ADDED ENTRY--TITLE
Title Kluwer international series in engineering and computer science,
9 (RLIN) 82222
440 #0 - SERIES STATEMENT/ADDED ENTRY--TITLE
Title The Kluwer international series in engineering and computer science,
9 (RLIN) 83489
505 ## - FORMATTED CONTENTS NOTE
Formatted contents note Information Sources (Page-1), Codes, Distortion and Information (Page-27), Distortion-Rate Theory (Page-53), Rate-Distortion Functions (Page-81), High Rate Quantization (Page-115), Uniform Quantization Noise (Page-137).
650 #0 - SUBJECT ADDED ENTRY--TOPICAL TERM
Topical term or geographic name entry element Coding theory
9 (RLIN) 3106
650 #0 - SUBJECT ADDED ENTRY--TOPICAL TERM
Topical term or geographic name entry element Coding theory
9 (RLIN) 3106
650 #0 - SUBJECT ADDED ENTRY--TOPICAL TERM
Topical term or geographic name entry element Kodningsteori
9 (RLIN) 93998
650 #0 - SUBJECT ADDED ENTRY--TOPICAL TERM
Topical term or geographic name entry element Rate distortion theory
9 (RLIN) 93999
942 ## - ADDED ENTRY ELEMENTS (KOHA)
Koha item type Reference
Source of classification or shelving scheme
Holdings
Withdrawn status Lost status Source of classification or shelving scheme Damaged status Not for loan Permanent Location Current Location Shelving location Date acquired Full call number Barcode Date last seen Price effective from Koha item type Public note
          Military College of Signals (MCS) Military College of Signals (MCS) Reference 12/12/2016 003.54 GRA MCS477 12/08/2016 12/12/2016 Reference Almirah No.17, Shelf No.1
© 2023 Central Library, National University of Sciences and Technology. All Rights Reserved.